[Event "Madrid San Viator op-B 28th"]
[Site "Madrid"]
[Date "2017.05.28"]
[Round "8"]
[White "Di Pietro Moreno, Fatima"]
[Black "Ramirez de la Piscina G, Juan A"]
[Result "0-1"]
[WhiteElo "1394"]
[BlackElo "1662"]
[PlyCount "74"]
[EventDate "2017.03.26"]
[EventType "swiss"]
[EventRounds "9"]
[EventCountry "ESP"]
[SourceTitle "EXT 2019"]
[Source "ChessBase"]
[SourceDate "2018.10.10"]
[SourceVersion "1"]
[SourceVersionDate "2018.10.10"]
[SourceQuality "1"]

1. d4 e6 2. Bf4 f5 3. e3 Nf6 4. Nf3 d5 5. c3 c6 6. Nbd2 Be7 7. h3 0-0 8. Be2 Bd7 9. Ne5 Be8 10. Qb3 Qb6 11. Qc2 Nbd7 12. Ndf3 Rc8 13. Ng5 c5 14. 0-0-0 Ne4 15. Nxe4 fxe4 16. f3 Nf6 17. Rdf1 Qa5 18. Kb1 cxd4 19. exd4 Ba4 20. Qd2 b5 21. b4 Qb6 22. g4 Rfd8 23. g5 Nd7 24. g6 Nxe5 25. gxh7+ Kh8 26. Bxe5 Bf8 27. fxe4 Qc6 28. exd5 Qxd5 29. Bd3 a5 30. Rhg1 axb4 31. cxb4 Bb3 32. axb3 Qxb3+ 33. Qb2 Qxd3+ 34. Ka1 Ra8+ 35. Qa2 Rxa2+ 36. Kxa2 Qc2+ 37. Ka1 Ra8# 0-1

[Event "Madrid San Viator op-A 26th"]
[Site "Madrid"]
[Date "2016.04.03"]
[Round "1"]
[White "Ramirez de la Piscina G, Juan A"]
[Black "Del Noval Nemeshazi, Nesztor"]
[Result "0-1"]
[WhiteElo "1656"]
[BlackElo "1920"]
[PlyCount "96"]
[EventDate "2016.04.03"]
[EventType "swiss"]
[EventRounds "9"]
[EventCountry "ESP"]
[SourceTitle "EXT 2017"]
[Source "ChessBase"]
[SourceDate "2016.10.25"]
[SourceVersion "1"]
[SourceVersionDate "2016.10.25"]
[SourceQuality "1"]

1. e4 c5 2. Nc3 d6 3. g3 g6 4. Bg2 Bg7 5. d3 Nc6 6. Nge2 e6 7. 0-0 Nge7 8. f4 0-0 9. Be3 Nd4 10. Qd2 Rb8 11. Rab1 b5 12. Bxd4 cxd4 13. Nd1 Bb7 14. c3 dxc3 15. bxc3 Qa5 16. d4 Rfc8 17. Ne3 f5 18. e5 Bxg2 19. Kxg2 d5 20. Qb2 Nc6 21. Nc2 Bf8 22. a3 Qb6 23. Ne3 Na5 24. h3 Nc4 25. Nxc4 Rxc4 26. Ra1 Ra4 27. Rfb1 Qa5 28. Qb3 Rb7 29. Ra2 Rxa3 30. Rxa3 Qxa3 31. Qxa3 Bxa3 32. Rb3 b4 33. Kf3 a5 34. Rb1 b3 35. Ke3 a4 36. Kd3 Be7 37. Nc1 a3 38. Nxb3 a2 39. Ra1 Rxb3 40. Rxa2 Rb1 41. c4 Rg1 42. c5 Rxg3+ 43. Kc2 Rg2+ 44. Kb3 Rxa2 45. Kxa2 Kf7 46. Kb3 Ke8 47. Kb4 Kd7 48. Kb5 Kc7 0-1

[Event "Madrid San Viator op 24th"]
[Site "Madrid"]
[Date "2015.05.17"]
[Round "7"]
[White "Ramirez de la Piscina G, Juan A"]
[Black "Gonzalez Berrendero, Carlos"]
[Result "0-1"]
[WhiteElo "1685"]
[BlackElo "1779"]
[PlyCount "142"]
[EventDate "2015.03.22"]
[EventType "swiss"]
[EventRounds "9"]
[EventCountry "ESP"]
[SourceTitle "EXT 2016"]
[Source "ChessBase"]
[SourceDate "2015.10.08"]
[SourceVersion "1"]
[SourceVersionDate "2015.10.08"]
[SourceQuality "1"]

1. e4 c5 2. Nf3 Nc6 3. c3 d6 4. d4 Bg4 5. d5 Bxf3 6. Qxf3 Ne5 7. Bb5+ Nd7 8. 0-0 a6 9. Bxd7+ Qxd7 10. Nd2 b5 11. b4 e5 12. dxe6 Qxe6 13. Nb3 Rd8 14. Bf4 Nf6 15. e5 dxe5 16. Bxe5 Be7 17. Rfe1 Qb6 18. Nxc5 0-0 19. Bd4 Qa7 20. Ne6 Rxd4 21. Nxd4 Bd6 22. Nf5 Bb8 23. Ne7+ Kh8 24. Nc6 Qb7 25. Nxb8 Qxf3 26. gxf3 Rxb8 27. Rad1 Ra8 28. Kg2 g6 29. f4 Rc8 30. Rd3 Nh5 31. Kf3 f5 32. Re7 Nf6 33. Ra7 Ne4 34. Rxa6 Nxc3 35. Rb6 Kg7 36. Rb7+ Kh6 37. Rdd7 Rh8 38. Rdc7 Nd5 39. Rc5 Nxb4 40. a3 Nd3 41. Rcxb5 Ra8 42. Ke3 Rxa3 43. Rb3 Rxb3 44. Rxb3 Nc5 45. Rc3 Ne4 46. Rc1 Nf6 47. f3 Nd5+ 48. Kf2 Nxf4 49. Rc4 Nd3+ 50. Ke3 Ne5 51. Rh4+ Kg7 52. Kf4 Nf7 53. Ke3 g5 54. Ra4 f4+ 55. Ke4 Kg6 56. Ra6+ Kh5 57. Kf5 Nh8 58. Ra7 Kh6 59. Ra6+ Ng6 60. Re6 Kh5 61. Re8 Nh4+ 62. Ke4 Ng2 63. Re7 h6 64. Re6 Ne3 65. Ra6 Nf1 66. Ra2 Kh4 67. Rf2 Ne3 68. Ke5 Kh3 69. Ke4 Ng2 70. Rxg2 Kxg2 71. h4 g4 0-1

[Event "Madrid San Viator op 24th"]
[Site "Madrid"]
[Date "2015.03.29"]
[Round "2"]
[White "Gueler Berdasco, Martin"]
[Black "Ramirez de la Piscina G, Juan A"]
[Result "1-0"]
[WhiteElo "1917"]
[BlackElo "1685"]
[PlyCount "59"]
[EventDate "2015.03.22"]
[EventType "swiss"]
[EventRounds "9"]
[EventCountry "ESP"]
[SourceTitle "EXT 2016"]
[Source "ChessBase"]
[SourceDate "2015.10.08"]
[SourceVersion "1"]
[SourceVersionDate "2015.10.08"]
[SourceQuality "1"]

1. b4 d5 2. Bb2 Bf5 3. Nf3 e6 4. e3 Nf6 5. a3 Bd6 6. c4 dxc4 7. Bxc4 Nbd7 8. 0-0 c6 9. Nc3 Qc7 10. d4 a6 11. h3 h6 12. Nd2 Nb6 13. Be2 Nbd5 14. Rc1 Nxc3 15. Bxc3 0-0 16. a4 b5 17. Nb3 bxa4 18. Nc5 Bxc5 19. dxc5 Rfd8 20. Qxa4 Bd3 21. Bxd3 Rxd3 22. Bxf6 gxf6 23. Rfd1 Qd7 24. Rxd3 Qxd3 25. Qxc6 Rb8 26. Qd6 Qxd6 27. cxd6 Kf8 28. Rc6 Rxb4 29. Rc8+ Kg7 30. d7 1-0